00201nam a2200085 a 4500001000500000005001700005008004100022050002300063245002900086414020140414132039.0090218s19uu xx 00 eng d aTR 372.7bW57 2006 aWhich is bigger? Lev. 1.